Decreto único reglamentario del sector administrativo del interior : (Registro nro. 3409)

Detalles MARC
000 -LEADER
fixed length control field 01030nam a2200241Ia 4500
003 - CONTROL NUMBER IDENTIFIER
control field OSt
005 - DATE AND TIME OF LATEST TRANSACTION
control field 20200803180739.0
008 - FIXED-LENGTH DATA ELEMENTS--GENERAL INFORMATION
fixed length control field 191128s2015 ck fr 001 0 spa d
040 ## - CATALOGING SOURCE
Original cataloging agency CO-JMCR
Transcribing agency CO-JMCR
041 0# - LANGUAGE CODE
Language code of text/sound track or separate title spa
082 04 - DEWEY DECIMAL CLASSIFICATION NUMBER
Classification number 0342.861041 /
Item number C718d
Edition number 23
110 1# - MAIN ENTRY--CORPORATE NAME
Corporate name or jurisdiction name as entry element Colombia.
9 (RLIN) 8040
240 10 - UNIFORM TITLE
Uniform title Leyes, etc.
245 10 - TITLE STATEMENT
Title Decreto único reglamentario del sector administrativo del interior :
Remainder of title decreto número 1066 de 2015 /
260 ## - PUBLICATION, DISTRIBUTION, ETC.
Place of publication, distribution, etc. Bogotá :
Name of publisher, distributor, etc. Ministerio del Interior,
Date of publication, distribution, etc. impresión 2015
300 ## - PHYSICAL DESCRIPTION
Extent 340 Páginas ;
Dimensions 24 cm.
500 ## - GENERAL NOTE
General note Incluye índice de temas del decreto número 1066 de 2015
505 0# - FORMATTED CONTENTS NOTE
Formatted contents note Estructura del decreto número 1066 de 2015 -- Índice de temas del decreto número 1066 de 2015 -- Decreto número 1066 de 2015 -- Decreto 1294 de 2015
650 14 - SUBJECT ADDED ENTRY--TOPICAL TERM
Topical term or geographic name entry element Política pública
General subdivision legislación
Geographic subdivision Colombia
9 (RLIN) 8275
650 14 - SUBJECT ADDED ENTRY--TOPICAL TERM
Topical term or geographic name entry element Administración pública
General subdivision legislación
Geographic subdivision Colombia
9 (RLIN) 8276
650 14 - SUBJECT ADDED ENTRY--TOPICAL TERM
Topical term or geographic name entry element Decreto único reglamentario del sector administrativo del interior
9 (RLIN) 8277
942 ## - ADDED ENTRY ELEMENTS (KOHA)
Source of classification or shelving scheme Dewey Decimal Classification
Koha item type Books
Existencias
Withdrawn status Lost status Source of classification or shelving scheme Damaged status Not for loan Collection code Home library Current library Date acquired Source of acquisition Full call number Barcode Date last seen Copy number Koha item type
    Dewey Decimal Classification     Non-fiction Biblioteca Pública José María del Castillo y Rada Biblioteca Pública José María del Castillo y Rada 12/15/2017 Donación 342.861041 / C718d 201808287 05/16/2024 Ej.1 Books